New physical geography / (Record no. 128592)

MARC details
000 -LEADER
campo de control de longitud fija 00648nam a2200205 i 4500
001 - NÚMERO DE CONTROL
campo de control 128592
003 - IDENTIFICADOR DE NÚMERO DE CONTROL
campo de control ES-MaACL
005 - FECHA Y HORA DE LA ÚLTIMA TRANSACCIÓN
campo de control 20250814065423.0
007 - CAMPO FIJO DE DESCRIPCIÓN FÍSICA--INFORMACIÓN GENERAL
campo de control de longitud fija t|
008 - DATOS DE LONGITUD FIJA--INFORMACIÓN GENERAL
campo de control de longitud fija 070521s1933 xxu ||||1| eng d
100 1# - ENTRADA PRINCIPAL--NOMBRE DE PERSONA
Nombre de persona Tarr, Ralph S.
9 (RLIN) 109314
245 10 - MENCIÓN DEL TÍTULO
Título New physical geography /
Mención de responsabilidad, etc. by Ralph S. Tarr and O. D. von Engeln ; illustrations by B.F. Williamson.
260 ## - PUBLICACIÓN, DISTRIBUCIÓN, ETC.
Lugar de publicación, distribución, etc. New York :
Nombre del editor, distribuidor, etc. Macmillan Company,
Fecha de publicación, distribución, etc. 1933.
300 ## - DESCRIPCIÓN FÍSICA
Extensión IX, 688 p. :
Otras características físicas il. ;
Dimensiones 23 cm.
650 07 - PUNTO DE ACCESO ADICIONAL DE MATERIA--TÉRMINO DE MATERIA
Término de materia o nombre geográfico como elemento de entrada Geografía física
Fuente del encabezamiento o término embne
9 (RLIN) 13078
700 1# - ENTRADA AGREGADA--NOMBRE PERSONAL
Nombre de persona Engeln, O. D. von.
9 (RLIN) 47224
700 1# - ENTRADA AGREGADA--NOMBRE PERSONAL
Nombre de persona Williamson, B.F.
9 (RLIN) 164265
852 ## - LOCALIZACIÓN
Ubicación ES-MaACL
Número de control de estantería A-1884
Holdings
Estatus retirado Estado de pérdida Estado de daño No para préstamo Biblioteca de origen Biblioteca actual Ubicación en estantería Fecha de adquisición Fuente de adquisición Total de préstamos Signatura topográfica completa Código de barras Visto por última vez Precio de reemplazo Tipo de ítem Koha
        Biblioteca del Ateneo de Madrid Biblioteca del Ateneo de Madrid Sala Pecera Planta 1 17/01/2008     A-1884 1133924 23/02/2023 23/02/2023 Libro impreso